Normal view
MARC view
Entry Personal Name
001 - CONTROL NUMBER
- control field: 6385
003 - CONTROL NUMBER IDENTIFIER
- control field: OSt
005 - DATE AND TIME OF LATEST TRANSACTION
- control field: 20151130143738.0
008 - FIXED-LENGTH DATA ELEMENTS
- fixed length control field: 151130|| aca||aabn | a|a d
040 ## - CATALOGING SOURCE
- Original cataloging agency: OSt
- Transcribing agency: OSt
100 ## - HEADING--PERSONAL NAME
- Personal name: Knapper, K Christopher ;Cropley, J Authur.
670 ## - SOURCE DATA FOUND
- Source citation: Work cat.: (OSt): Knapper, K Christopher ;Cropley, J Authur., Lifelong Learning in Higher Education.
